000 02482nam0a2200361 4500
001 RU\NLR\bibl\968434
005 20260408154521.0
010 _a5-211-05200-5
_9340
021 _aRU
_b2006-29901
_91491
035 _a(NLR Aleph) 000956408
090 _a312000
_c312000
100 _a20060718d2006 |||y0rusy50 ca
101 0 _arus
102 _aRU
105 _ay |||||||||
200 1 _aРоссия в контексте мирового экономического развития во второй половине ХХ века
_eсборник трудов Международной научной конференции, Москва, 24-25 ноября 2004 г.
_f[редкол.: Виноградов В.А., акад. РАН, пред. и др.]
210 _aМосква
_cИзд-во Московского университета
_d2006
215 _a431 с.
_d25
300 _aВ надзаг.: Отд-ние ист.-филол. наук РАН, науч. совет РАН по пробл. рос. и мировой экон. истории, Ин-т рос. истории РАН, Ин-т экономики РАН [и др.]
320 _aБиблиогр. в примеч. в конце докл.
607 _aРоссийская Федерация
_jСъезды, совещания и т.п.
_xНародное хозяйство
_92106777
_3RU\NLR\auth\661273591
607 _aСССР
_xНародное хозяйство
_jСъезды, совещания и т.п.
_3RU\NLR\auth\66113995
_91101059
686 _aУ03(2)7я431
702 1 _4570
_8rus
_7ca
_aВиноградов
_bВ. А.
_cд-р экон. наук, экон. история
_f1921-2017
_gВладимир Алексеевич
_3RU\NLR\AUTH\7714414
_9124087
711 1 2 _a"Россия в контексте мирового экономического развития во второй половине XX века", международная научная конференция
_f2004
_eМосква
_3RU\NLR\AUTH\8810085254
_9672503
712 0 2 _4570
_aРоссийская академия наук
_bНаучный совет по проблемам российской и мировой экономической истории
_3RU\NLR\AUTH\8810145675
_9785667
801 0 _aRU
_bNLR
_c20060718
_grcr
801 1 _aRU
_bNLR
_c20060718
830 _aред. по кн.
942 _cBOOK
980 _aNB